Mathematics with applications / (Record no. 179965)
[ view plain ]
| 000 -LEADER | |
|---|---|
| fixed length control field | 01003 a2200205 4500 |
| 003 - CONTROL NUMBER IDENTIFIER | |
| control field | Nust |
| 005 - DATE AND TIME OF LATEST TRANSACTION | |
| control field | 20221102095120.0 |
| 010 ## - LIBRARY OF CONGRESS CONTROL NUMBER | |
| LC control number | 78013261 |
| 020 ## - INTERNATIONAL STANDARD BOOK NUMBER | |
| International Standard Book Number | 0070293015 |
| 040 ## - CATALOGING SOURCE | |
| Transcribing agency | Nust |
| 082 00 - DEWEY DECIMAL CLASSIFICATION NUMBER | |
| Classification number | 510,HOF |
| 100 1# - MAIN ENTRY--PERSONAL NAME | |
| Personal name | Hoffmann, Laurence D., |
| 9 (RLIN) | 102231 |
| 245 10 - TITLE STATEMENT | |
| Title | Mathematics with applications / |
| Statement of responsibility, etc. | Laurence D. Hoffmann, Michael Orkin. |
| 260 ## - PUBLICATION, DISTRIBUTION, ETC. | |
| Place of publication, distribution, etc. | New York : |
| Name of publisher, distributor, etc. | McGraw-Hill, |
| Date of publication, distribution, etc. | c1979. |
| 300 ## - PHYSICAL DESCRIPTION | |
| Extent | x, 438 p. : |
| Other physical details | ill. ; |
| Dimensions | 24 cm. |
| 505 ## - FORMATTED CONTENTS NOTE | |
| Formatted contents note | Linear Function and Straight Lines (Page-1), Matrix Algebra (Page-25), Linear Programming (Page-61), Sets and Counting (Page-61), Probability (Page-115), Distributions (Page-167), Statistical Inference (Page-195), Decisions theory and the Theory of Games (Page-223), The Mathematics of Finances (Page-253), Functions and Graphs (Page-273), Differential Calculus (Page-289), Exponential and Logarithmic Functions (Page-339), Integral Calculus (Page-365). |
| 650 #0 - SUBJECT ADDED ENTRY--TOPICAL TERM | |
| Topical term or geographic name entry element | Mathematics. |
| 700 1# - ADDED ENTRY--PERSONAL NAME | |
| Personal name | Orkin, Michael. |
| 9 (RLIN) | 102232 |
| 942 ## - ADDED ENTRY ELEMENTS (KOHA) | |
| Source of classification or shelving scheme | |
| Koha item type | Book |
| Call number prefix | 510,HOF |
| Withdrawn status | Lost status | Source of classification or shelving scheme | Damaged status | Not for loan | Permanent Location | Current Location | Date acquired | Full call number | Barcode | Date last seen | Price effective from | Koha item type | Public note |
|---|---|---|---|---|---|---|---|---|---|---|---|---|---|
| Military College of Signals (MCS) | Military College of Signals (MCS) | 12/12/2016 | 510,HOF | MCS7210 | 12/08/2016 | 12/12/2016 | Book Bank | Almirah No. A/135, Shelf No.6 |
